« Retourner aux résultats de recherche
Leçon de photographie
la nature des photographies
| Auteur principal: | Stephen Shore |
|---|---|
| D'autres auteurs: | Dominique Lablanche |
| Support: | Livres |
| Langue: | Francais |
| Publié: |
2010 Phaidon Paris |
| Genre: |
Documentaire |
| Collection: |
Photographie |
| Sujets: | |
| Étiquettes: |
Ajouter
Pas de Tags !
|
| LEADER | 00956nam0a2200217 450 | ||
|---|---|---|---|
| 001 | 16848535 | ||
| 010 | |a 978-0-7148-9679-3 |b Rel. sous jaque |d 39,95 | ||
| 100 | |a 20100612d2010 u u0frey01 ba | ||
| 101 | 1 | |a fre |c eng | |
| 102 | |a FR | ||
| 200 | 0 | |a Leçon de photographie |e la nature des photographies |f Stephen Shore |g traduit de l'anglais par Dominique Lablanche | |
| 207 | 1 | |a | |
| 210 | |a Paris |c Phaidon |d 2010 | ||
| 215 | |a 1 vol. (133 p.) |c illustrations en noir et en couleur |d 25 x 22 cm | ||
| 225 | 1 | |a Photographie | |
| 330 | |a Exploration des différentes manières de comprendre la photographie à travers les genres et les époques, s'appuyant sur des photographies d'auteurs de renom ou anonymes. | ||
| 700 | 0 | |a Shore |b Stephen |f 1947-.... |4 70 | |
| 702 | 0 | |a Lablanche |b Dominique |4 730 | |
| 900 | |a Documentaire | ||
| 901 | |a Accessible au prêt | ||
| 995 | |a Bibliothèque |c Bibliothèque |f 00156007258114 |h 00156007258114 |k 770 SHO |o p |q a |r az |e Bibliothèque | ||
